000 00419nam a22001817a 4500
003 MPLRDC
005 20220104123651.0
008 210129b ||||| |||| 00| 0 eng d
082 _a411.14 AJJN
100 _a林思宏译
245 _a健身沐浴法
_c
250 _a初版
260 _a
_b世界文物出版社
_c1979
300 _b
490 _a实用丛书;16
650 _a
942 _cBK
_o411.14 AJJN
999 _c13230
_d13220